Biblioteca Nacional
La Biblioteca Nacional mantiene su propia importancia como depositaria y proveedora de información a la comunidad, sin distinción de clases sociales, niveles culturales o interés políticos y religiosos. Esto coloca en un sitio de vital importancia en el desarrollo de la cultura nacional, y es o...
| Main Author: | |
|---|---|
| Other Authors: | |
| Format: | Tesis Section = Libro |
| Language: | Undetermined Spanish |
| Published: |
Managua
Universidad Nacional Autónoma de Nicaragua (UNAN)
[s.f.]
|
| Subjects: |
| LEADER | 01100nam a2200217Ia 4500 | ||
|---|---|---|---|
| 008 | 240830s9999 xx 000 0 und d | ||
| 040 | |a BIBLIOTECA-RUSB/ Mon 727.8 F632 | ||
| 041 | |a spa | ||
| 082 | |a Mon 727.8 F632 | ||
| 100 | 1 | |a Flores Fonseca, Mario | |
| 245 | 1 | 0 | |a Biblioteca Nacional |
| 260 | |a Managua |b Universidad Nacional Autónoma de Nicaragua (UNAN) |c [s.f.] | ||
| 300 | |a 106 p. :il. | ||
| 502 | |a Tesis (Arquitecto) - Universidad Nacional Autónoma de Nicaragua (UNAN), [s.f] . | ||
| 520 | 3 | |a La Biblioteca Nacional mantiene su propia importancia como depositaria y proveedora de información a la comunidad, sin distinción de clases sociales, niveles culturales o interés políticos y religiosos. Esto coloca en un sitio de vital importancia en el desarrollo de la cultura nacional, y es obligación del estado la de mantenerla, para dar al pueblo de Nicaragua, las facilidades de acceso a la cultura y a la información. | |
| 650 | 7 | |a BIBLIOTECA | |
| 650 | 7 | |b ARQUITECTURA | |
| 700 | 1 | |a Tutor: |b Dipp Granera, Alejandro | |
| 942 | |c BK |2 ddc | ||
| 991 | |a TESIS | ||
| 999 | |c 21425 | ||